000
00307nam a2200121Ia 4500
008
190216s9999||||xx |||||||||||||| ||und||
100
_a
Abdul Assis Koroth
245
0
_a
Management Information System
260
_b
Calicut University Central Co-Operative
300
_a
343
650
_a
Commerce
942
_c
BK
999
_c
6785
_d
6785